German retail stores - Statistics

General Stats
  • This quiz has been taken 20 times
  • The average score is 11 of 15
Answer Stats
Picture Answer % Correct
Aldi Nord
100%
Aldi Süd
100%
Lidl
100%
Media Markt
89%
Deichmann
78%
Kaufland
72%
Netto
72%
dm
67%
Edeka
67%
Penny
67%
Saturn
61%
Müller
56%
REWE
56%
Rossmann
56%
Norma
33%
No matching quizzes found
Score Distribution
Percent of People with Each Score
Percentile by Number Answered
Your Score History
You have not taken this quiz